The food of Italy = La comida de Italia /
Saved in:
| Main Author: | |
|---|---|
| Format: | Unknown |
| Language: | English |
| Published: |
New York :
Vintage Books,
1977, c1971.
|
| Subjects: | |
| Tags: |
Add Tag
No Tags, Be the first to tag this record!
|
MARC
| LEADER | 000000000a22000000004500 | ||
|---|---|---|---|
| 001 | 014338 | ||
| 020 | |a 0394724291 | ||
| 041 | 0 | |a eng | |
| 082 | 0 | 4 | |a 641 |b R782f |
| 100 | 1 | |a Root, Waverley Lewis, |d 1903- | |
| 245 | 1 | 4 | |a The food of Italy = |b La comida de Italia / |c Waverley Lewis Root. |
| 246 | 3 | 1 | |a La comida de Italia |
| 260 | 1 | |a New York : |b Vintage Books, |c 1977, c1971. | |
| 300 | |a xv, 750 páginas : |b ilustraciones ; |c 21 cm. | ||
| 650 | 4 | |a SUMINISTRO DE ALIMENTOS | |
| 650 | 4 | |a ITALIA | |
| 650 | 4 | |a VINOS ITALIANOS | |
| 650 | 4 | |a ELABORACION DE VINOS | |
| 650 | 4 | |a COCINA ITALIANA | |
| 500 | |a Colección George Yúdice | ||
| 999 | |c 20232 |d 20232 | ||
| 942 | |c BK |h 641 R782f |2 z | ||



